Microbiology an introduction

Đã lưu trong:
書目詳細資料
主要作者: Batzing, Barry L.
格式: 圖書
語言:Undetermined
出版: Thomson Learning 2001
主題:
標簽: 添加標簽
沒有標簽, 成為第一個標記此記錄!
Thư viện lưu trữ: Trung tâm Học liệu Trường Đại học Cần Thơ
LEADER 00480nam a2200181Ia 4500
001 CTU_49328
008 210402s9999 xx 000 0 und d
082 |a 579 
082 |b B336 
100 |a Batzing, Barry L. 
245 0 |a Microbiology an introduction 
245 0 |c Barry L. Batzing 
260 |b Thomson Learning 
260 |c 2001 
526 |a Vi sinh vật học 
526 |b TN144 
650 |a Microbiology 
980 |a Trung tâm Học liệu Trường Đại học Cần Thơ